书目信息 |
| 题名: |
数学物理方程
|
|
| 作者: | 王一平 , 李立 , 周邦寅 编著 | |
| 分册: | ||
| 出版信息: | 北京 电子工业出版社 2005.12 |
|
| 页数: | 371页 | |
| 开本: | 23cm | |
| 丛书名: | ||
| 单 册: | ||
| 中图分类: | O175.24 | |
| 科图分类: | ||
| 主题词: | 数学物理方程--shu xue wu li fang cheng | |
| 电子资源: | ||
| ISBN: | 7-121-02105-6 | |
| 000 | 00909nam0 2200265 450 | |
| 001 | 012006879390 | |
| 005 | 20060920105909.90 | |
| 010 | @a7-121-02105-6@dCNY34.00 | |
| 100 | @a20060625d2005 km y0chiy0120 ea | |
| 101 | 0 | @achi |
| 102 | @aCN@b110000 | |
| 105 | @aa a 000yy | |
| 200 | 1 | @a数学物理方程@Ashu xue wu li fang cheng@f周邦寅, 王一平, 李立编著@Fzhou bang yin,wang yi ping,li li bian zhu |
| 205 | @a第2版 | |
| 210 | @a北京@c电子工业出版社@d2005.12 | |
| 215 | @a371页@c图@d23cm | |
| 320 | @a有书目 (第371页) | |
| 330 | @a本书内容有常微分方程的级数解;特殊函数;正交多项式;数学物理方程的建立及各种解法:分离变量法、积分变换法等。 | |
| 606 | 0 | @a数学物理方程@Ashu xue wu li fang cheng |
| 690 | @aO175.24@v4 | |
| 701 | 0 | @a王一平@Awang yi ping@4编著 |
| 701 | 0 | @a李立@Ali li@4编著 |
| 701 | 0 | @a周邦寅@Azhou bang yin@4编著 |
| 801 | 0 | @aCN@bQSSK@c20060920 |
| 905 | @a10447@dO175.24@eZ758 | |
| 数学物理方程/周邦寅, 王一平, 李立编著.-第2版.-北京:电子工业出版社,2005.12 |
| 371页:图;23cm |
| ISBN 7-121-02105-6:CNY34.00 |
| 本书内容有常微分方程的级数解;特殊函数;正交多项式;数学物理方程的建立及各种解法:分离变量法、积分变换法等。 |
| ● |
| 相关链接 |
|
|
|
正题名:数学物理方程
索取号:O175.24/Z758
 
预约/预借
| 序号 | 登录号 | 条形码 | 馆藏地/架位号 | 状态 | 备注 |
| 1 | 591657 | 205916570 | 自科库401/401自科库 45排4列2层/ [索取号:O175.24/Z758] | 在馆 | |
| 2 | 591658 | 205916589 | 自科库401/401自科库 45排4列2层/ [索取号:O175.24/Z758] | 在馆 | |
| 3 | 591659 | 205916598 | 自科库401/401自科库 45排4列2层/ [索取号:O175.24/Z758] | 在馆 |